00582nmm a2200205Ia 4500008004100000020001800041041000800059100001800067245004000085264005000125300001600175490001300191650002100204700001800225700003200243700002600275856005100301942000700352999001700359251105s9999||||xx |||||||||||||||||und|| a9788496231535 aspa aRohde, Katrin 0aMama Tenga :b Mi vida en África. a[Madrid, España] :bMaeva Ediciones, c2005 a0 páginas aMemorias aOther narratives aRohde, Katrin1 a Díez Pérez, Mª José1 a Friera Acebal, Diego uhttps://public.digitaliapublishing.com/a/31489 cCF c70688d70688